000 00749nam a2200193 a 4500
005 20140412111315.0
008 010416s19uu xx 00 eng d
020 _a0-7214-1845-7
050 _aM 004.1
_bH412 1996
100 _aHay, Carole
245 _aComputers :
_bwith foldout cutaway computer /
_cwritten by Carole Hay; illustrated by Studio Boni/Galante and Lorenzo Cecchi.
260 _aLeicestershire, UK :
_bLadybird Books Ltd,
_c1996.
300 _a38 p.
440 _aHow they Work
500 _aIncludes index
520 _aComputers explain how computers work, how we can communicate with them and how computers perform all the amazingly varied task we use them for.
650 _aComputers
_xJuvenile literature
999 _c104193
_d104193